Estructura y reforma agraria en Nicaragua: 1979-1989
Guardado en:
| Hovedforfatter: | |
|---|---|
| Format: | Texto |
| Udgivet: |
Managua:
Universidad Libre de Amsterdam. Centro de Estudios para el Desarrollo Rural. Oficina Centroamericana
|
| Fag: | |
| Tags: |
Tilføj Tag
Ingen Tags, Vær først til at tagge denne postø!
|
MARC
| LEADER | 00000 a a2200000 04500 | ||
|---|---|---|---|
| 001 | 10796 | ||
| 003 | |||
| 040 | |a CRAI/IIS |c CRAI/IIS | ||
| 090 | |a 137300 | ||
| 100 | |a Baumeister, Eduardo | ||
| 245 | |a Estructura y reforma agraria en Nicaragua: 1979-1989 | ||
| 260 | |a Managua: |b Universidad Libre de Amsterdam. Centro de Estudios para el Desarrollo Rural. Oficina Centroamericana | ||
| 300 | |a xxv, 279 p | ||
| 300 | |b **no definido** |b map. | ||
| 650 | |a REFORMA AGRARIA | ||
| 650 | |a CAPITALISMO | ||
| 650 | |a ANALISIS HISTORICO | ||
| 650 | |a ESTADO | ||
| 650 | |a BUROCRACIA | ||
| 650 | |a EXPORTACIONES | ||
| 650 | |a MANO DE OBRA | ||
| 650 | |a SALARIOS | ||
| 650 | |a FUERZAS ARMADAS | ||
| 650 | |a SOCIEDAD CIVIL | ||
| 650 | |a POLITICA AGRARIA | ||
| 650 | |a POLITICA ECONOMICA | ||
| 650 | |a ESTRUCTURA AGRICOLA | ||
| 650 | |a ESTRUCTURA AGRARIA | ||
| 650 | |a AGRICULTURA | ||
| 999 | |c 12647 |d 12647 | ||
